[Event "6th Heraklion Capablanca 2019"]
[Site "Heraklion"]
[Date "2019.05.07"]
[Round "9.5"]
[White "Anagnostopoulos, Konstantinos"]
[Black "Demuth, Adrien"]
[Result "1/2-1/2"]
[WhiteElo "2345"]
[BlackElo "2512"]
[Annotator "ChessBase"]
[PlyCount "101"]
[EventDate "2019.04.29"]
[EventType "tourn"]
[EventCountry "GRE"]
[SourceTitle "playchess.com"]
[Source "ChessBase"]
[SourceQuality "1"]
[TimeControl "40/5400+30:1800+30"]

1. c4 {[%emt 0:11:25]} f5 {[%emt 0:00:00]} 2. Nf3 {[%emt 0:00:19]} Nf6 {[%emt 0:00:00]} 3. d4 {[%emt 0:00:28]} g6 {[%emt 0:00:00]} 4. g3 {[%emt 0:00:03]} Bg7 {[%emt 0:00:04]} 5. Bg2 {[%emt 0:00:03]} O-O {[%emt 0:00:34]} 6. O-O {[%emt 0:00:08]} d6 {[%emt 0:00:05]} 7. Nc3 {[%emt 0:00:12]} c6 {[%emt 0:00:17]} 8. b3 {[%emt 0:00:15]} Na6 {[%emt 0:01:00]} 9. Bb2 {[%emt 0:00:18]} Qc7 {[%emt 0:00:06]} 10. d5 {[%emt 0:01:39]} e5 {[%emt 0:00:05]} 11. dxe6 {[%emt 0:00:12]} Bxe6 {[%emt 0:00:04]} 12. Qc2 {[%emt 0:00:51]} Nc5 {[%emt 0:04:05]} 13. Rad1 {[%emt 0:00:40]} Rad8 {[%emt 0:06:33]} 14. e3 {[%emt 0:00:11]} a5 {[%emt 0:01:00]} 15. Ne2 {[%emt 0:02:13]} Nce4 {[%emt 0:09:02]} 16. Nd2 {[%emt 0:06:47]} Nc5 {[%emt 0:06:40]} 17. h4 {[%emt 0:03:27]} Rfe8 {[%emt 0:01:11]} 18. a3 {[%emt 0:06:28]} Bf7 {[%emt 0:01:53]} 19. b4 {[%emt 0:00:08]} axb4 {[%emt 0:07:37]} 20. axb4 {[%emt 0:00:05]} Ncd7 {[%emt 0:01:50]} 21. Nf3 {[%emt 0:06:58]} Nb6 {[%emt 0:12:16]} 22. c5 {[%emt 0:02:00]} Nc4 {[%emt 0:06:52]} 23. cxd6 {[%emt 0:06:51]} Rxd6 {[%emt 0:01:19]} 24. Bd4 {[%emt 0:02:46]} b5 {[%emt 0:04:29]} 25. Ra1 {[%emt 0:06:44]} Qb8 {[%emt 0:14:54]} 26. Ba7 {[%emt 0:02:01]} Qc8 {[%emt 0:01:14]} 27. Bc5 {[%emt 0:00:49]} Rd7 {[%emt 0:00:14]} 28. Rfd1 {[%emt 0:05:30]} Nd5 {[%emt 0:04:53]} 29. Ned4 {[%emt 0:01:45]} Nxb4 {[%emt 0:07:27]} 30. Bxb4 {[%emt 0:00:05]} c5 {[%emt 0:00:02]} 31. Ng5 {[%emt 0:05:54]} cxd4 {[%emt 0:06:38]} 32. Nxf7 {[%emt 0:00:39]} Kxf7 {[%emt 0:00:59]} 33. exd4 {[%emt 0:01:37]} Bxd4 {[%emt 0:00:46]} 34. Rxd4 {[%emt 0:08:52]} Rxd4 {[%emt 0:00:06]} 35. Ra7+ {[%emt 0:01:12]} Kg8 {[%emt 0:01:06]} 36. Bc3 {[%emt 0:09:56]} Rd7 {[%emt 0:01:06]} 37. Qa2 {[%emt 0:01:02]} Qd8 {[%emt 0:00:50]} 38. Bc6 {[%emt 0:02:37]} Rxa7 {[%emt 0:00:37]} 39. Qxa7 {[%emt 0:00:06]} Re7 {[%emt 0:00:23]} 40. Qc5 {[%emt 0:00:00]} Qd1+ {[%emt 0:00:00]} 41. Kh2 {[%emt 0:06:28]} Qd6 {[%emt 0:06:13]} 42. Qxb5 {[%emt 0:03:58]} Ne5 {[%emt 0:03:25]} 43. Bd5+ {[%emt 0:00:23]} Nf7 {[%emt 0:00:35]} 44. Qc4 {[%emt 0:05:50]} Qc7 {[%emt 0:12:15]} 45. Qd4 {[%emt 0:00:06]} Kf8 {[%emt 0:00:05]} 46. Bb4 {[%emt 0:05:40]} Qe5 {[%emt 0:05:17]} 47. Qc5 {[%emt 0:03:52]} Nd8 {[%emt 0:00:04]} 48. Qa7 {[%emt 0:06:33]} Ke8 {[%emt 0:02:28]} 49. Bxe7 {[%emt 0:02:36]} Qxe7 {[%emt 0:00:47]} 50. Qd4 {[%emt 0:00:30]} Nf7 {[%emt 0:01:00]} 51. Bxf7+ {[%emt 0:00:48]} 1/2-1/2